2022 Celebrity Deaths: COVID, Cancer, or Natural Causes? - Statistics

General Stats
  • This quiz has been taken 25 times
  • The average score is 8 of 12
Answer Stats
Question Answer % Correct
Olivia Newton-John cancer
100%
Elizabeth II natural causes
100%
Louie Anderson cancer
80%
Meat Loaf COVID-19
80%
Angela Lansbury natural causes
80%
Madeleine Albright cancer
60%
Kirstie Alley cancer
60%
Benedict XVI natural causes
60%
Pelé cancer
40%
Mikhail Gorbachev natural causes
40%
Gilbert Gottfried natural causes
40%
Nichelle Nichols natural causes
40%
No matching quizzes found
Score Distribution
Percent of People with Each Score
Percentile by Number Answered
Your Score History
You have not taken this quiz